Géronimo, le martyr du Fort des Vingt-Quatre-Heures à Alger / (Record no. 151909)
[ view plain ]
| 000 -LEADER | |
|---|---|
| campo de control de longitud fija | 01134nam a2200229 i 4500 |
| 001 - NÚMERO DE CONTROL | |
| campo de control | 151909 |
| 003 - IDENTIFICADOR DE NÚMERO DE CONTROL | |
| campo de control | ES-MaACL |
| 005 - FECHA Y HORA DE LA ÚLTIMA TRANSACCIÓN | |
| campo de control | 20250728192008.0 |
| 008 - DATOS DE LONGITUD FIJA--INFORMACIÓN GENERAL | |
| campo de control de longitud fija | 990722s1854 ae |||| | fre d |
| 040 ## - FUENTE DE CATALOGACIÓN | |
| Centro catalogador/agencia de origen | AN |
| Lengua de catalogación | spa |
| Centro/agencia transcriptor | AN |
| 100 1# - ENTRADA PRINCIPAL--NOMBRE DE PERSONA | |
| Nombre de persona | Berbrugger, A. |
| 9 (RLIN) | 27844 |
| 245 10 - MENCIÓN DEL TÍTULO | |
| Título | Géronimo, le martyr du Fort des Vingt-Quatre-Heures à Alger / |
| Mención de responsabilidad, etc. | Adrien Berbrugger, ... ; avec des vues de la sépulture et un plan du fort et de ses environs par M. le Capitaine d'artillerie Suzzoni, ... ; avec des extraits de la "Topografia de Argel" de Diego de Haedo. |
| 260 ## - PUBLICACIÓN, DISTRIBUCIÓN, ETC. | |
| Lugar de publicación, distribución, etc. | Alger : |
| Nombre del editor, distribuidor, etc. | Bastide, libreire-éditeur, |
| Fecha de publicación, distribución, etc. | 1854. |
| 300 ## - DESCRIPCIÓN FÍSICA | |
| Extensión | 68 p., [3] h. de grab. pleg. ; |
| Dimensiones | 20 cm. |
| 500 ## - NOTA GENERAL | |
| Nota general | El texto de la "Topografia de Argel" est en español con traducción francesa. |
| 505 8# - NOTA DE CONTENIDO CON FORMATO | |
| Nota de contenido con formato | Contiene: La découverte de son corps. Sa vie de 1542 à 1569. Pièces à l'appui |
| 599 ## - NOTA A LAS ILUSTRACIONES | |
| NOTA A LAS ILUSTRACIONES | Las h. de grab. lit.: "Suzzoni, del". "Ch. Portmann lith." "Lith. Bastide, Alger" |
| 700 0# - ENTRADA AGREGADA--NOMBRE PERSONAL | |
| Nombre de persona | Suzzoni. |
| 9 (RLIN) | 132963 |
| 700 1# - ENTRADA AGREGADA--NOMBRE PERSONAL | |
| Nombre de persona | Haedo, Diego de, |
| Fechas asociadas al nombre | m. 1608 |
| 9 (RLIN) | 152352 |
| 852 ## - LOCALIZACIÓN | |
| Ubicación | ES-MaACL |
| Número de control de estantería | L-4911(18-1) |
| Nota libre | -- Enc. hol. |
| -- | .- Donativo Roda |
| Estatus retirado | Estado de pérdida | Estado de daño | No para préstamo | Colección | Biblioteca de origen | Biblioteca actual | Ubicación en estantería | Fecha de adquisición | Fuente de adquisición | Total de préstamos | Signatura topográfica completa | Código de barras | Visto por última vez | Precio de reemplazo | Tipo de ítem Koha |
|---|---|---|---|---|---|---|---|---|---|---|---|---|---|---|---|
| Libros del s. XIX | Biblioteca del Ateneo de Madrid | Biblioteca del Ateneo de Madrid | Depósito 2 | 25/04/2012 | L-4911(18-1) | 1189288 | 23/02/2023 | 23/02/2023 | Libro impreso antiguo |
